Top 10 Houston Rockets of all time - Statistics

General Stats
  • This quiz has been taken 16 times
  • The average score is 6 of 10
Answer Stats
Answer % Correct
Hakeem Olajuwon
100%
James Harden
92%
Yao Ming
85%
Moses Malone
69%
Calvin Murphy
62%
Elvin Hayes
62%
Rudy Tomjanovich
54%
Otis Thorpe
46%
Steve Francis
46%
Robert Reid
0%
No matching quizzes found
Score Distribution
Percent of People with Each Score
Percentile by Number Answered
Your Score History
You have not taken this quiz